Т. 1 : Энергетические газотурбинные установки; Тепловые электростанции. Теплоснабжение

Bibliografske podrobnosti
Parent link:Тепловые электростанции. Теплоснабжение/ Академия наук СССР, Всесоюзный институт научной и технической информации. Т. 1 : Энергетические газотурбинные установки.— , 1979-
Glavni avtor: Ольховский Г. Г.
Drugi avtorji: Чернецкий Н. С. (редактор)
Jezik:ruščina
Izdano: 1979
Teme:
Format: Knjiga
KOHA link:https://koha.lib.tpu.ru/cgi-bin/koha/opac-detail.pl?biblionumber=114671

MARC

LEADER 00000nam2a2200000 4500
001 114671
005 20231101215216.0
035 |a (RuTPU)RU\TPU\book\124014 
090 |a 114671 
100 |a 20070425d1979 k y0rusy50 ca 
101 0 |a rus 
102 |a RU 
105 |a a z 001zy 
200 0 |a Т. 1 : Энергетические газотурбинные установки  |f Г. Г. Ольховский  |g под ред. Н. С. Чернецкого 
210 |d 1979 
215 |a 122 с.  |c ил. 
320 |9 572  |a Библиогр.: с. 115-121 
461 1 |0 (RuTPU)RU\TPU\book\164586  |t Тепловые электростанции. Теплоснабжение  |f Академия наук СССР, Всесоюзный институт научной и технической информации  |v Т. 1 : Энергетические газотурбинные установки  |d 1979-   |s Тепловые электростанции. Теплоснабжение 
606 1 |a Тепловые электрические станции  |x Оборудование  |2 stltpush  |3 (RuTPU)RU\TPU\subj\59626  |9 77136 
610 1 |a газотурбинные энергетические установки 
610 1 |a ГТУ 
610 1 |a применение 
610 1 |a зарубежный опыт 
610 1 |a энергетика 
610 1 |a технические характеристики 
610 1 |a конструкции 
675 |a 621.311.22.002.5  |v 3 
700 1 |a Ольховский  |b Г. Г. 
702 1 |a Чернецкий  |b Н. С.  |4 340 
801 1 |a RU  |b 63413507  |c 20070425  |g PSBO 
801 2 |a RU  |b 63413507  |c 20210218  |g PSBO 
942 |c BK